01585nam a2200253 a 450000100100000000500170001000800410002702000180006804100080008610000160009424500610011025000430017126000460021430000280026052007860028853400220107465000280109665000320112465000290115665000300118565000270121570000430124270000460128500008702220200120224931.0190704s2016 ck d 000 f spa d a97895830515860 aspa1 aBerg, Eric.10aGrito /cEric Berg ; traductora Olga Martín Maldonado. aEditora Margarita Montenegro Villalba. aBogotá :bPanamericana Editoria,c2016. a176 páginas ;c22 cm.3 a"Una pesadilla de la que no hay escapatoria... El nuevo año escolar se cierne sombríamente sobre Lulú cuando regresa al internado, la casa Lombardi, como la tempestad que se avecina en el horizonte. Es una de las chicas populares del colegio y sale con Lars, el chico más guapo. Sin embargo, se ha enamorado de Niko, el mejor amigo de Lars y se debate entre ambos. Parece que todo el colegio lo sabe y poco a poco su vida se empieza a resquebrajar. Lulú debe tomar una decisión lo más pronto posible y más aun con todas las cosas extrañas que le suceden: manchas de sangre en su cama, alguien que la deja encerrada en el sótano, el escalofriante chico del pueblo que la persigue, los gritos que escucha en el bosque... la tragedia pende sobre la casa Lombardi." tTítulo original14aNovela juvenil Alemana.24aliteratura juvenil Alemana.24aAmistadvNovela juvenil.24aMisteriovNovela juvenil.24aMiedovNovela juvenil.1 aMartín Maldonado, Olga,etraductora.1 aMontenegro Villalba, Margarita,eeditora.